Loading...
| Fine Arts - Classical Music | 7 | 15.71 | 86% | 57% | 14% |
| Fine Arts - Other Fine Arts | 7 | 21.43 | 86% | 57% | 71% |
| Geography | 2 | 20.00 | 100% | 50% | 50% |
| History - American History | 2 | 20.00 | 100% | 100% | 0% |
| History - European History | 4 | 17.50 | 100% | 50% | 25% |
| History - Other History | 3 | 23.33 | 100% | 100% | 33% |
| History - World History | 4 | 22.50 | 75% | 100% | 50% |
| Literature - American Literature | 5 | 24.00 | 100% | 100% | 40% |
| Literature - British Literature | 7 | 17.14 | 100% | 57% | 14% |
| Literature - European Literature | 3 | 20.00 | 100% | 67% | 33% |
| Literature - World Literature | 6 | 18.33 | 100% | 67% | 17% |
| Mythology | 6 | 18.33 | 100% | 67% | 17% |
| Painting/Sculpture | 4 | 15.00 | 100% | 50% | 0% |
| Philosophy | 4 | 20.00 | 100% | 50% | 50% |
| Pop Culture | 1 | 30.00 | 100% | 100% | 100% |
| Religion | 6 | 18.33 | 83% | 67% | 33% |
| Science - Biology | 6 | 16.67 | 100% | 67% | 0% |
| Science - Chemistry | 5 | 14.00 | 100% | 40% | 0% |
| Science - Other Science | 1 | 20.00 | 100% | 100% | 0% |
| Science - Physics | 4 | 15.00 | 100% | 50% | 0% |
| Social Science | 4 | 15.00 | 100% | 25% | 25% |